HISTORIAS VIVAS DE ESPANTOS Y MUERTES (Registro nro. 33165)
[ vista simple ]
| 000 -LEADER | |
|---|---|
| fixed length control field | 00456nam a2200181 a 4500 |
| 001 - CONTROL NUMBER | |
| control field | 33165 |
| 005 - DATE AND TIME OF LATEST TRANSACTION | |
| control field | 20180714001027.0 |
| 008 - FIXED-LENGTH DATA ELEMENTS--GENERAL INFORMATION | |
| fixed length control field | 140415s2003 mx 000 0 spa d |
| 020 ## - INTERNATIONAL STANDARD BOOK NUMBER | |
| International Standard Book Number | 9706909184 |
| 041 ## - LANGUAGE CODE | |
| Language code of text/sound track or separate title | spa |
| 082 ## - DEWEY DECIMAL CLASSIFICATION NUMBER | |
| Classification number | 863 |
| Item number | TRE |
| 100 1# - MAIN ENTRY--PERSONAL NAME | |
| Personal name | TREJO, CARLOS |
| 245 10 - TITLE STATEMENT | |
| Title | HISTORIAS VIVAS DE ESPANTOS Y MUERTES |
| 250 ## - EDITION STATEMENT | |
| Edition statement | 1a ed. |
| 260 ## - PUBLICATION, DISTRIBUTION, ETC. | |
| Place of publication, distribution, etc. | MEXICO : |
| Name of publisher, distributor, etc. | PLANETA, |
| Date of publication, distribution, etc. | 2003 |
| 300 ## - PHYSICAL DESCRIPTION | |
| Extent | 100 |
| Dimensions | 12 x 1 x 21 |
| 650 14 - SUBJECT ADDED ENTRY--TOPICAL TERM | |
| Topical term or geographic name entry element | LITERATURA |
| Withdrawn status | Lost status | Source of classification or shelving scheme | Damaged status | Not for loan | Collection code | Home library | Current library | Shelving location | Date acquired | Source of acquisition | Total Checkouts | Full call number | Barcode | Date last seen | Date last checked out | Price effective from | Koha item type |
|---|---|---|---|---|---|---|---|---|---|---|---|---|---|---|---|---|---|
| Dewey Decimal Classification | General | Tehuacán | Tehuacán | Sala general | 03/12/2013 | Compra | 1 | 863 TRE | 508159 | 08/01/2025 | 06/05/2019 | 03/12/2013 | Libro |